00304nam a2200109Ia 4500008004100000082000800041100001900049245001000068942000600078952009500084999001500179240331s9999 xx 000 0 und d bSEL aSellathurai, A 0aVeedu cL 001040708LaWERCLbWERCLcSSCd2024-03-31l0o 812 SELp2376r2024-03-31w2024-03-31yL c3723d3723